<?xml version="1.0" encoding="UTF-8"?>
<record
    xmlns:xsi="http://www.w3.org/2001/XMLSchema-instance"
    xsi:schemaLocation="http://www.loc.gov/MARC21/slim http://www.loc.gov/standards/marcxml/schema/MARC21slim.xsd"
    xmlns="http://www.loc.gov/MARC21/slim">

  <leader>00613nam a22002177a 4500</leader>
  <controlfield tag="003">OSt</controlfield>
  <controlfield tag="008">240515b2021    |||||||| |||| 00| 0 eng d</controlfield>
  <datafield tag="020" ind1=" " ind2=" ">
    <subfield code="a">9789355736970</subfield>
  </datafield>
  <datafield tag="082" ind1=" " ind2=" ">
    <subfield code="a">658.72</subfield>
    <subfield code="b">MON-P</subfield>
  </datafield>
  <datafield tag="100" ind1=" " ind2=" ">
    <subfield code="a">Monczka, Robert M.</subfield>
  </datafield>
  <datafield tag="245" ind1=" " ind2=" ">
    <subfield code="a">Purchasing &amp; supply chain management /</subfield>
    <subfield code="c">Robert M. Monczka,,,[et al.]</subfield>
  </datafield>
  <datafield tag="250" ind1=" " ind2=" ">
    <subfield code="a">7th</subfield>
  </datafield>
  <datafield tag="260" ind1=" " ind2=" ">
    <subfield code="a">Australia :</subfield>
    <subfield code="b">Cengage Learning,</subfield>
    <subfield code="c">2021.</subfield>
  </datafield>
  <datafield tag="300" ind1=" " ind2=" ">
    <subfield code="a">xxxii, 880 p. ;</subfield>
  </datafield>
  <datafield tag="650" ind1=" " ind2=" ">
    <subfield code="a">Purchasing.</subfield>
  </datafield>
  <datafield tag="650" ind1=" " ind2=" ">
    <subfield code="a">Industrial management.</subfield>
  </datafield>
  <datafield tag="700" ind1=" " ind2=" ">
    <subfield code="a">Handfield, Robert B.</subfield>
  </datafield>
  <datafield tag="700" ind1=" " ind2=" ">
    <subfield code="a">Giunipero, Larry C.</subfield>
  </datafield>
  <datafield tag="700" ind1=" " ind2=" ">
    <subfield code="a">Patterson, james L.</subfield>
  </datafield>
  <datafield tag="942" ind1=" " ind2=" ">
    <subfield code="2">ddc</subfield>
    <subfield code="c">BK</subfield>
    <subfield code="0">2</subfield>
  </datafield>
  <datafield tag="999" ind1=" " ind2=" ">
    <subfield code="c">20504</subfield>
    <subfield code="d">20504</subfield>
  </datafield>
  <datafield tag="952" ind1=" " ind2=" ">
    <subfield code="0">0</subfield>
    <subfield code="1">0</subfield>
    <subfield code="2">ddc</subfield>
    <subfield code="4">0</subfield>
    <subfield code="7">0</subfield>
    <subfield code="a">SOBD</subfield>
    <subfield code="b">SOBD</subfield>
    <subfield code="d">2024-04-11</subfield>
    <subfield code="e">Vedi Books</subfield>
    <subfield code="f">INR</subfield>
    <subfield code="g">999.00</subfield>
    <subfield code="o">658.72 MON-P1</subfield>
    <subfield code="p">005272</subfield>
    <subfield code="r">2024-05-15</subfield>
    <subfield code="t">1</subfield>
    <subfield code="w">2024-04-11</subfield>
    <subfield code="y">REF</subfield>
    <subfield code="k">VEDI/24-25/04/09</subfield>
  </datafield>
  <datafield tag="952" ind1=" " ind2=" ">
    <subfield code="0">0</subfield>
    <subfield code="1">0</subfield>
    <subfield code="2">ddc</subfield>
    <subfield code="4">0</subfield>
    <subfield code="7">0</subfield>
    <subfield code="a">SOBD</subfield>
    <subfield code="b">SOBD</subfield>
    <subfield code="d">2024-04-11</subfield>
    <subfield code="e">Vedi Books</subfield>
    <subfield code="f">INR</subfield>
    <subfield code="g">999.00</subfield>
    <subfield code="o">658.72 MON-P2</subfield>
    <subfield code="p">005273</subfield>
    <subfield code="r">2024-05-15</subfield>
    <subfield code="t">2</subfield>
    <subfield code="w">2024-04-11</subfield>
    <subfield code="y">BK</subfield>
    <subfield code="k">VEDI/24-25/04/09</subfield>
  </datafield>
  <datafield tag="952" ind1=" " ind2=" ">
    <subfield code="0">0</subfield>
    <subfield code="1">0</subfield>
    <subfield code="2">ddc</subfield>
    <subfield code="4">0</subfield>
    <subfield code="7">0</subfield>
    <subfield code="a">SOBD</subfield>
    <subfield code="b">SOBD</subfield>
    <subfield code="d">2024-04-11</subfield>
    <subfield code="e">Vedi Books</subfield>
    <subfield code="f">INR</subfield>
    <subfield code="g">999.00</subfield>
    <subfield code="o">658.72 MON-P3</subfield>
    <subfield code="p">005274</subfield>
    <subfield code="r">2024-05-15</subfield>
    <subfield code="t">3</subfield>
    <subfield code="w">2024-04-11</subfield>
    <subfield code="y">BK</subfield>
    <subfield code="k">VEDI/24-25/04/09</subfield>
  </datafield>
  <datafield tag="952" ind1=" " ind2=" ">
    <subfield code="0">0</subfield>
    <subfield code="1">0</subfield>
    <subfield code="2">ddc</subfield>
    <subfield code="4">0</subfield>
    <subfield code="7">0</subfield>
    <subfield code="a">SOBD</subfield>
    <subfield code="b">SOBD</subfield>
    <subfield code="d">2024-04-11</subfield>
    <subfield code="e">Vedi Books</subfield>
    <subfield code="f">INR</subfield>
    <subfield code="g">999.00</subfield>
    <subfield code="o">658.72 MON-P4</subfield>
    <subfield code="p">005275</subfield>
    <subfield code="r">2024-05-15</subfield>
    <subfield code="t">4</subfield>
    <subfield code="w">2024-04-11</subfield>
    <subfield code="y">BK</subfield>
    <subfield code="k">VEDI/24-25/04/09</subfield>
  </datafield>
  <datafield tag="952" ind1=" " ind2=" ">
    <subfield code="0">0</subfield>
    <subfield code="1">0</subfield>
    <subfield code="2">ddc</subfield>
    <subfield code="4">0</subfield>
    <subfield code="7">0</subfield>
    <subfield code="a">SOBD</subfield>
    <subfield code="b">SOBD</subfield>
    <subfield code="d">2024-04-11</subfield>
    <subfield code="e">Vedi Books</subfield>
    <subfield code="f">INR</subfield>
    <subfield code="g">999.00</subfield>
    <subfield code="o">658.72 MON-P5</subfield>
    <subfield code="p">005276</subfield>
    <subfield code="r">2024-05-15</subfield>
    <subfield code="t">5</subfield>
    <subfield code="w">2024-04-11</subfield>
    <subfield code="y">BK</subfield>
    <subfield code="k">VEDI/24-25/04/09</subfield>
  </datafield>
  <datafield tag="952" ind1=" " ind2=" ">
    <subfield code="0">0</subfield>
    <subfield code="1">0</subfield>
    <subfield code="2">ddc</subfield>
    <subfield code="4">0</subfield>
    <subfield code="7">0</subfield>
    <subfield code="a">SOBD</subfield>
    <subfield code="b">SOBD</subfield>
    <subfield code="d">2024-04-11</subfield>
    <subfield code="e">Vedi Books</subfield>
    <subfield code="f">INR</subfield>
    <subfield code="g">999.00</subfield>
    <subfield code="l">1</subfield>
    <subfield code="o">658.72 MON-P6</subfield>
    <subfield code="p">005277</subfield>
    <subfield code="r">2025-11-03</subfield>
    <subfield code="s">2025-10-23</subfield>
    <subfield code="t">6</subfield>
    <subfield code="w">2024-04-11</subfield>
    <subfield code="y">BK</subfield>
    <subfield code="k">VEDI/24-25/04/09</subfield>
  </datafield>
  <datafield tag="952" ind1=" " ind2=" ">
    <subfield code="0">0</subfield>
    <subfield code="1">0</subfield>
    <subfield code="2">ddc</subfield>
    <subfield code="4">0</subfield>
    <subfield code="7">0</subfield>
    <subfield code="a">SOBD</subfield>
    <subfield code="b">SOBD</subfield>
    <subfield code="d">2024-04-11</subfield>
    <subfield code="e">Vedi Books</subfield>
    <subfield code="f">INR</subfield>
    <subfield code="g">999.00</subfield>
    <subfield code="o">658.72 MON-P7</subfield>
    <subfield code="p">005278</subfield>
    <subfield code="r">2024-05-15</subfield>
    <subfield code="t">7</subfield>
    <subfield code="w">2024-04-11</subfield>
    <subfield code="y">BK</subfield>
    <subfield code="k">VEDI/24-25/04/09</subfield>
  </datafield>
  <datafield tag="952" ind1=" " ind2=" ">
    <subfield code="0">0</subfield>
    <subfield code="1">0</subfield>
    <subfield code="2">ddc</subfield>
    <subfield code="4">0</subfield>
    <subfield code="7">0</subfield>
    <subfield code="a">SOBD</subfield>
    <subfield code="b">SOBD</subfield>
    <subfield code="d">2024-04-11</subfield>
    <subfield code="e">Vedi Books</subfield>
    <subfield code="f">INR</subfield>
    <subfield code="g">999.00</subfield>
    <subfield code="o">658.72 MON-P8</subfield>
    <subfield code="p">005279</subfield>
    <subfield code="r">2024-05-15</subfield>
    <subfield code="t">8</subfield>
    <subfield code="w">2024-04-11</subfield>
    <subfield code="y">BK</subfield>
    <subfield code="k">VEDI/24-25/04/09</subfield>
  </datafield>
  <datafield tag="952" ind1=" " ind2=" ">
    <subfield code="0">0</subfield>
    <subfield code="1">0</subfield>
    <subfield code="2">ddc</subfield>
    <subfield code="4">0</subfield>
    <subfield code="7">0</subfield>
    <subfield code="a">SOBD</subfield>
    <subfield code="b">SOBD</subfield>
    <subfield code="d">2024-04-11</subfield>
    <subfield code="e">Vedi Books</subfield>
    <subfield code="f">INR</subfield>
    <subfield code="g">999.00</subfield>
    <subfield code="o">658.72 MON-P9</subfield>
    <subfield code="p">005280</subfield>
    <subfield code="r">2024-05-15</subfield>
    <subfield code="t">9</subfield>
    <subfield code="w">2024-04-11</subfield>
    <subfield code="y">BK</subfield>
    <subfield code="k">VEDI/24-25/04/09</subfield>
  </datafield>
  <datafield tag="952" ind1=" " ind2=" ">
    <subfield code="0">0</subfield>
    <subfield code="1">0</subfield>
    <subfield code="2">ddc</subfield>
    <subfield code="4">0</subfield>
    <subfield code="7">0</subfield>
    <subfield code="a">SOBD</subfield>
    <subfield code="b">SOBD</subfield>
    <subfield code="d">2024-04-11</subfield>
    <subfield code="e">Vedi Books</subfield>
    <subfield code="f">INR</subfield>
    <subfield code="g">999.00</subfield>
    <subfield code="o">658.72 MON-P10</subfield>
    <subfield code="p">005281</subfield>
    <subfield code="r">2024-05-15</subfield>
    <subfield code="t">10</subfield>
    <subfield code="w">2024-04-11</subfield>
    <subfield code="y">BK</subfield>
    <subfield code="k">VEDI/24-25/04/09</subfield>
  </datafield>
  <datafield tag="952" ind1=" " ind2=" ">
    <subfield code="0">0</subfield>
    <subfield code="1">0</subfield>
    <subfield code="2">ddc</subfield>
    <subfield code="4">0</subfield>
    <subfield code="7">0</subfield>
    <subfield code="a">SOBD</subfield>
    <subfield code="b">SOBD</subfield>
    <subfield code="d">2024-04-11</subfield>
    <subfield code="e">Vedi Books</subfield>
    <subfield code="f">INR</subfield>
    <subfield code="g">999.00</subfield>
    <subfield code="o">658.72 MON-P11</subfield>
    <subfield code="p">005282</subfield>
    <subfield code="r">2024-05-15</subfield>
    <subfield code="t">11</subfield>
    <subfield code="w">2024-04-11</subfield>
    <subfield code="y">BK</subfield>
    <subfield code="k">VEDI/24-25/04/09</subfield>
  </datafield>
  <datafield tag="952" ind1=" " ind2=" ">
    <subfield code="0">0</subfield>
    <subfield code="1">0</subfield>
    <subfield code="2">ddc</subfield>
    <subfield code="4">0</subfield>
    <subfield code="7">0</subfield>
    <subfield code="a">SOBD</subfield>
    <subfield code="b">SOBD</subfield>
    <subfield code="d">2024-04-11</subfield>
    <subfield code="e">Vedi Books</subfield>
    <subfield code="f">INR</subfield>
    <subfield code="g">999.00</subfield>
    <subfield code="l">1</subfield>
    <subfield code="o">658.72 MON-P12</subfield>
    <subfield code="p">005283</subfield>
    <subfield code="r">2025-07-12</subfield>
    <subfield code="s">2025-06-30</subfield>
    <subfield code="t">12</subfield>
    <subfield code="w">2024-04-11</subfield>
    <subfield code="y">BK</subfield>
    <subfield code="k">VEDI/24-25/04/09</subfield>
  </datafield>
</record>
